<?xml version="1.0" encoding="UTF-8"?>
<record
    xmlns:xsi="http://www.w3.org/2001/XMLSchema-instance"
    xsi:schemaLocation="http://www.loc.gov/MARC21/slim http://www.loc.gov/standards/marcxml/schema/MARC21slim.xsd"
    xmlns="http://www.loc.gov/MARC21/slim">

  <leader>00258nam a22000977a 4500</leader>
  <datafield tag="040" ind1=" " ind2=" ">
    <subfield code="c">ENG </subfield>
  </datafield>
  <datafield tag="100" ind1=" " ind2=" ">
    <subfield code="a">ENG LENG  </subfield>
  </datafield>
  <datafield tag="245" ind1=" " ind2=" ">
    <subfield code="a">&#x1780;&#x17B6;&#x179A;&#x17A2;&#x1797;&#x17B7;&#x179C;&#x178C;&#x17D2;&#x178D;&#x1787;&#x1793;&#x1794;&#x1791;&#x1793;&#x17B7;&#x1784;&#x1785;&#x179B;&#x1793;&#x17B6;&#x1797;&#x17BC;&#x1798;&#x17B7;&#x1790;&#x17D2;&#x1798;&#x17B8;</subfield>
  </datafield>
  <datafield tag="260" ind1=" " ind2=" ">
    <subfield code="a">RUA</subfield>
    <subfield code="b">ENG </subfield>
    <subfield code="c">2019</subfield>
  </datafield>
  <datafield tag="942" ind1=" " ind2=" ">
    <subfield code="c">KB</subfield>
  </datafield>
  <datafield tag="999" ind1=" " ind2=" ">
    <subfield code="c">19706</subfield>
    <subfield code="d">19706</subfield>
  </datafield>
  <datafield tag="952" ind1=" " ind2=" ">
    <subfield code="0">0</subfield>
    <subfield code="1">0</subfield>
    <subfield code="4">0</subfield>
    <subfield code="6">636_000000000000000_ENG_2019_C139_OR</subfield>
    <subfield code="7">0</subfield>
    <subfield code="9">86755</subfield>
    <subfield code="a">LBC</subfield>
    <subfield code="b">LBC</subfield>
    <subfield code="c">C139</subfield>
    <subfield code="d">2021-03-15</subfield>
    <subfield code="e">A062873</subfield>
    <subfield code="o">636 ENG 2019 C139 Or.</subfield>
    <subfield code="r">2021-03-15</subfield>
    <subfield code="y">KB</subfield>
  </datafield>
  <datafield tag="952" ind1=" " ind2=" ">
    <subfield code="0">0</subfield>
    <subfield code="1">0</subfield>
    <subfield code="4">0</subfield>
    <subfield code="6">636_000000000000000_ENG_2019_C139_OR</subfield>
    <subfield code="7">0</subfield>
    <subfield code="9">86756</subfield>
    <subfield code="a">LBC</subfield>
    <subfield code="b">LBC</subfield>
    <subfield code="c">C139</subfield>
    <subfield code="d">2021-03-15</subfield>
    <subfield code="e">A063049</subfield>
    <subfield code="o">636 ENG 2019 C139 Or.</subfield>
    <subfield code="r">2021-03-15</subfield>
    <subfield code="y">KB</subfield>
  </datafield>
  <datafield tag="952" ind1=" " ind2=" ">
    <subfield code="0">0</subfield>
    <subfield code="1">0</subfield>
    <subfield code="4">0</subfield>
    <subfield code="6">636_000000000000000_ENG_2019_C139_OR</subfield>
    <subfield code="7">0</subfield>
    <subfield code="9">86757</subfield>
    <subfield code="a">LBC</subfield>
    <subfield code="b">LBC</subfield>
    <subfield code="c">C139</subfield>
    <subfield code="d">2021-03-15</subfield>
    <subfield code="e">A063519</subfield>
    <subfield code="o">636 ENG 2019 C139 Or.</subfield>
    <subfield code="r">2021-03-15</subfield>
    <subfield code="y">KB</subfield>
  </datafield>
  <datafield tag="952" ind1=" " ind2=" ">
    <subfield code="0">0</subfield>
    <subfield code="1">0</subfield>
    <subfield code="4">0</subfield>
    <subfield code="6">636_000000000000000_ENG_2019_C139_OR</subfield>
    <subfield code="7">0</subfield>
    <subfield code="9">86758</subfield>
    <subfield code="a">LBC</subfield>
    <subfield code="b">LBC</subfield>
    <subfield code="c">C139</subfield>
    <subfield code="d">2021-03-15</subfield>
    <subfield code="e">A062989</subfield>
    <subfield code="o">636 ENG 2019 C139 Or.</subfield>
    <subfield code="r">2021-03-15</subfield>
    <subfield code="y">KB</subfield>
  </datafield>
  <datafield tag="952" ind1=" " ind2=" ">
    <subfield code="0">0</subfield>
    <subfield code="1">0</subfield>
    <subfield code="4">0</subfield>
    <subfield code="6">636_000000000000000_ENG_2019_C139_OR</subfield>
    <subfield code="7">0</subfield>
    <subfield code="9">86759</subfield>
    <subfield code="a">LBC</subfield>
    <subfield code="b">LBC</subfield>
    <subfield code="c">C139</subfield>
    <subfield code="d">2021-03-15</subfield>
    <subfield code="e">A062933</subfield>
    <subfield code="o">636 ENG 2019 C139 Or.</subfield>
    <subfield code="r">2021-03-15</subfield>
    <subfield code="y">KB</subfield>
  </datafield>
  <datafield tag="952" ind1=" " ind2=" ">
    <subfield code="0">0</subfield>
    <subfield code="1">0</subfield>
    <subfield code="4">0</subfield>
    <subfield code="6">636_000000000000000_ENG_2019_C139_OR</subfield>
    <subfield code="7">0</subfield>
    <subfield code="9">86760</subfield>
    <subfield code="a">LBC</subfield>
    <subfield code="b">LBC</subfield>
    <subfield code="c">C139</subfield>
    <subfield code="d">2021-03-15</subfield>
    <subfield code="e">A062813</subfield>
    <subfield code="o">636 ENG 2019 C139 Or.</subfield>
    <subfield code="r">2021-03-15</subfield>
    <subfield code="y">KB</subfield>
  </datafield>
  <datafield tag="952" ind1=" " ind2=" ">
    <subfield code="0">0</subfield>
    <subfield code="1">0</subfield>
    <subfield code="4">0</subfield>
    <subfield code="6">636_000000000000000_ENG_2019_C139_OR</subfield>
    <subfield code="7">0</subfield>
    <subfield code="9">86761</subfield>
    <subfield code="a">LBC</subfield>
    <subfield code="b">LBC</subfield>
    <subfield code="c">C139</subfield>
    <subfield code="d">2021-03-15</subfield>
    <subfield code="e">A062817</subfield>
    <subfield code="o">636 ENG 2019 C139 Or.</subfield>
    <subfield code="r">2021-03-15</subfield>
    <subfield code="y">KB</subfield>
  </datafield>
  <datafield tag="952" ind1=" " ind2=" ">
    <subfield code="0">0</subfield>
    <subfield code="1">0</subfield>
    <subfield code="4">0</subfield>
    <subfield code="6">636_000000000000000_ENG_2019_C139_OR</subfield>
    <subfield code="7">0</subfield>
    <subfield code="9">86762</subfield>
    <subfield code="a">LBC</subfield>
    <subfield code="b">LBC</subfield>
    <subfield code="c">C139</subfield>
    <subfield code="d">2021-03-15</subfield>
    <subfield code="e">A063379</subfield>
    <subfield code="o">636 ENG 2019 C139 Or.</subfield>
    <subfield code="r">2021-03-15</subfield>
    <subfield code="y">KB</subfield>
  </datafield>
</record>
